| 000 | 00556cam a2200217ua 4500 | ||
|---|---|---|---|
| 001 | 6745 | ||
| 005 | 20260515114110.0 | ||
| 008 | 140212n ii |||gr||||Z||||||eng | ||
| 020 | _a81-7096-237-4 | ||
| 040 | _cMAIN | ||
| 082 | _a657.046 | ||
| 245 |
_aAdvanced accountancy _cBy S.P. Jain |
||
| 250 | _a7th rev. & enlarged ed. | ||
| 260 |
_aLudhiana: _bKalyani publishers, _c1979. |
||
| 300 | _avii,13.31p. | ||
| 653 | _aAccounting | ||
| 653 | _aAdvanced accountancy | ||
| 700 |
_aJain,S.P., _eAuthor., |
||
| 700 |
_aNarang,K.L., _eAuthor. |
||
| 942 | _cBK | ||
| 999 |
_c5888 _d5888 |
||